Memoria sobre el antiguo monasterio, hoy colegiata de Nuestra Señora de Covadonga / (Record no. 163735)

MARC details
000 -LEADER
campo de control de longitud fija 00644nam a22001695i 4500
001 - NÚMERO DE CONTROL
campo de control 163735
003 - IDENTIFICADOR DE NÚMERO DE CONTROL
campo de control ES-MaACL
005 - FECHA Y HORA DE LA ÚLTIMA TRANSACCIÓN
campo de control 20230906212812.0
008 - DATOS DE LONGITUD FIJA--INFORMACIÓN GENERAL
campo de control de longitud fija 940301s1859 sp |||| | spa d
040 ## - FUENTE DE CATALOGACIÓN
Centro catalogador/agencia de origen AS
Lengua de catalogación spa
100 1# - ENTRADA PRINCIPAL--NOMBRE DE PERSONA
Nombre de persona Rodríguez, Ricardo.
9 (RLIN) 131974
245 10 - MENCIÓN DEL TÍTULO
Título Memoria sobre el antiguo monasterio, hoy colegiata de Nuestra Señora de Covadonga /
Mención de responsabilidad, etc. por Ricardo Rodríguez.
260 ## - PUBLICACIÓN, DISTRIBUCIÓN, ETC.
Lugar de publicación, distribución, etc. Madrid :
Nombre del editor, distribuidor, etc. [s.n.],
Fecha de publicación, distribución, etc. 1859 (
Fabricante Imprenta de Beltrán y Viñas)
300 ## - DESCRIPCIÓN FÍSICA
Extensión 39 p. ;
Dimensiones 26 cm.
610 14 - PUNTO DE ACCESO ADICIONAL DE MATERIA--NOMBRE DE ENTIDAD CORPORATIVA
Nombre de entidad corporativa o nombre de jurisdicción como elemento de entrada Santuario de Nuestra Señora de Covadonga-
Subdivisión general Historia.
9 (RLIN) 134842
852 ## - LOCALIZACIÓN
Ubicación ES-MaACL
Número de control de estantería T-204-F-3
Nota libre -- Enc. hol.
-- -- Enc. en un vol. facticio
Holdings
Estatus retirado Estado de pérdida Estado de daño No para préstamo Colección Biblioteca de origen Biblioteca actual Ubicación en estantería Fecha de adquisición Total de préstamos Signatura topográfica completa Código de barras Visto por última vez Precio de reemplazo Tipo de ítem Koha
        Colección de folletos Biblioteca del Ateneo de Madrid Biblioteca del Ateneo de Madrid Depósito folletos 17/01/2008   T-204-F-3 1171588 23/02/2023 23/02/2023 Folleto